000 01403 a2200241 4500
001 42040
005 20260407155711.0
008 260407a1965 arg spa d
003 AR-UNSa-BCEJYS
040 _aAR-UNSa-BCEJYS
_bspa
_cAR-UNSa-BCEJYS
080 _a330.1
_xCiencia económica. Conceptos fundamentales de teoría económica. Valor. Capital. Fondos
245 1 0 _aManual de teoría económica
250 _a2a. ed.
264 1 _aMadrid :
_bAguilar
_c1965
300 _axx, 525 p.
_c22 cm.
505 _a1. Demanda y oferta - 2. La demanda del consumidor - 3. Análisis de las curvas de indiferencia - 4. El equilibrio del consumidor con más de dos bienes - 5. El equilibrio de la empresa - 6. Industria competitiva - 7. Equilibrio competitivo - 8. Monopolio - 9. Competencia monopolística - 10. Las leyes de los rendimientos - 11. La productividad marginal - 12. Salarios - 13. La renta - 14. Interés - 15. Beneficios - 16. Interrelaciones entre los factores de producción - 17. El equilibrio general y el empleo - 18. Dinero - 19. La teoría del empleo - 20. El consumo - 21. La inversión - 22. El tipo de interés - 23. Resumen de la teoría Keynesiana del empleo - 24. Keynes y la economía clásica
041 _aspa
942 _cBK
590 _aniveau_biblio:m niveau_hierar:0
100 1 _aStonier, Alfred W.
700 1 _aHague, Douglas C.
700 1 _aLeblanc Dasi, Oscar
999 _c3565
_d3565